Catàleg del Col·legi de Periodistes de Catalunya

Diccionario alemán (Registre núm. 728)

000 -CABECERA
Longitud fija campo de control 00375nam a2200145 a 4500
001 - NÚMERO DE CONTROL
Número de control 728
003 - IDENTIFICADOR DEL NÚMERO DE CONTROL
Identificador del número de control CDMR
005 - FECHA Y HORA DE LA ÚLTIMA TRANSACCIÓN
Fecha y hora de la última transacción 20130116135157.0
008 - CÓDIGOS DE INFORMACIÓN DE LONGITUD FIJA
Códigos de información de longitud fija 130130s1977||||||||||||||||||||||||||||d
040 ## - FUENTE DE LA CATALOGACIÓN
Centro catalogador de origen CDMR
Lengua de catalogación cat
Centro transcriptor CDMR
100 1# - PUNTO DE ACCESO PRINCIPAL-NOMBRE DE PERSONA
Nombre de persona Haensch, Günther
9 (RLIN) 564
245 10 - MENCIÓN DE TÍTULO
Título Diccionario alemán
Resto del título I. Alemán-español II. Español-alemán
260 ## - PUBLICACIÓN, DISTRIBUCIÓN, ETC. (PIE DE IMPRENTA)
Lugar de publicación, distribución, etc. Barcelona
Fecha de publicación, distribución, etc. 1977
Nombre del editor, distribuidor, etc. Herder
942 ## - ENTRADA DE ELEMENTOS AGREGADOS (KOHA)
Koha [por defecto] tipo de item Monografies
Fons
Suprimido Perdido Estropeado No para préstamo Localización permanente Localización actual Fecha adquisición Préstamos totales Signatura completa Código de barras Fecha última consulta Fecha del precio de reemplazo Tipo de item de Koha
        Centre de Documentació Montserrat Roig Centre de Documentació Montserrat Roig 2013-01-16   Ab CDMR1312613661 2013-01-16 2013-01-16 Referència i consulta general

Implantat amb Koha